000 00303nam a22001337a 4500
008 181107b xxu||||| |||| 00| 0 eng d
020 _a0582988306
041 _aeng
080 _a336
100 _a52
101 _aMAN
245 _aMnaging Business And Public Policy
_cAram.J.D
942 _2udc
_cBK
999 _c52195
_d52195